00277nam a2200109Ia 4500008004100000082001500041100001600056245001400072260003100086630001800117650003200135211109s9999||||xx |||||||||||||| ||und|| a820bCER-D aCerrantes,  0aDanquiste bG. M. DentaNew Yorkc1900 xGeneral Stack aEnglish LiteraturexEnglish